Managerial economics / (Record no. 138024)

MARC details
000 -LEADER
fixed length control field 00648nam a22002057a 4500
005 - DATE AND TIME OF LATEST TRANSACTION
control field 20181205151608.0
010 ## - LCCN (DPL NO)
LC control number ENG-117407
020 ## - INTERNATIONAL STANDARD BOOK NUMBER
International Standard Book Number 8171981798
Terms of availability 250.00
035 ## - SYSTEM CONTROL NUMBER
System control number EN-100939
037 ## - SOURCE OF ACQUISITION
Source of stock number/acquisition DBAD/PUB
082 ## - DEWEY DECIMAL CLASSIFICATION NUMBER
Classification number 338.5024658
100 ## - MAIN ENTRY--PERSONAL NAME
Personal name Chaturvedi, D. D.
245 ## - TITLE STATEMENT
Title Managerial economics /
Statement of responsibility, etc by D.D. Chaturvedi, Arjun Mittal [and] Rasleen Kaur
260 ## - PUBLICATION, DISTRIBUTION, ETC. (IMPRINT)
Place of publication, distribution, etc Indirapuram
Name of publisher, distributor, etc Mayur Paperbacks
Date of publication, distribution, etc 2017
270 ## - ADDRESS
Address SRB43A, Shipra Riviera Gyan Khand 3
City Indirapuram
Postal code 201014
300 ## - PHYSICAL DESCRIPTION
Extent viii, 288p.
Other physical details ill
Dimensions 24cm(pbk)
700 ## - ADDED ENTRY--PERSONAL NAME
Personal name Mittal,Arjun
700 ## - ADDED ENTRY--PERSONAL NAME
Personal name Rasleen Kaur
942 ## - ADDED ENTRY ELEMENTS (KOHA)
Source of classification or shelving scheme Dewey Decimal Classification
Item type English Books
Classification part 338.5024658
Call number suffix CHA
Holdings
Withdrawn status Lost status Not for loan Collection code Home library Current library Date acquired Source of acquisition Cost, normal purchase price Full call number Barcode Copy number Cost, replacement price Koha item type
    Not For Loan Non-fiction D.B.Act.Division Bawana 06/03/2017 DBAD/PUB 250.00 338.5024658 CHA EN-100939 1 250.00 English Books

© Delhi Public Library
Hit Counter
free hit counter